Realistic socio-legal theory: pragmatism and a social theory of law (Record no. 392009)

000 -LEADER
fixed length control field 00510cam a22001577a 4500
008 - FIXED-LENGTH DATA ELEMENTS--GENERAL INFORMATION
fixed length control field 180718b1999 xxu||||| |||| 00| 0 eng d
020 ## - INTERNATIONAL STANDARD BOOK NUMBER
International Standard Book Number 0198298250
082 ## - DEWEY DECIMAL CLASSIFICATION NUMBER
Classification number B T15
100 ## - MAIN ENTRY--PERSONAL NAME
Personal name Tamanaha, Brian Z.
245 ## - TITLE STATEMENT
Title Realistic socio-legal theory: pragmatism and a social theory of law
Statement of responsibility, etc. by Brian Z. Tamanaha
260 ## - PUBLICATION, DISTRIBUTION, ETC.
Place of publication, distribution, etc. Oxford
Name of publisher, distributor, etc. Oxford Univ. Press
Date of publication, distribution, etc. 1999
300 ## - PHYSICAL DESCRIPTION
Extent 276p.
440 ## - SERIES STATEMENT/ADDED ENTRY--TITLE
Title Oxford socio-legal studies
650 ## - SUBJECT ADDED ENTRY--TOPICAL TERM
Topical term or geographic name entry element Social sciences - Law and legislation
650 ## - SUBJECT ADDED ENTRY--TOPICAL TERM
Topical term or geographic name entry element Sociological jurisprudence
Holdings
Withdrawn status Lost status Damaged status Not for loan Permanent Location Current Location Date acquired Full call number Barcode Date last seen Price effective from Koha item type
        Indian Institute of Public Administration Indian Institute of Public Administration 2000-06-24 B T15 75148 2018-07-21 2018-07-21 Book

Powered by Koha